[Event "Drents op"]
[Site "Assen"]
[Date "2012.11.30"]
[Round "1"]
[White "Bloemendaal, Nadia"]
[Black "Hassing, Bert"]
[Result "1-0"]
[WhiteElo "1772"]
[BlackElo "1279"]
[PlyCount "83"]
[EventDate "2012.11.30"]
[EventType "swiss"]
[EventRounds "6"]
[EventCountry "NED"]
[SourceTitle "EXT 2015"]
[Source "ChessBase"]
[SourceDate "2014.11.20"]
[SourceVersion "1"]
[SourceVersionDate "2014.11.20"]
[SourceQuality "1"]

1. e4 c6 2. d4 d5 3. exd5 cxd5 4. Nc3 Nf6 5. Nf3 Nc6 6. Be2 e6 7. Bg5 h6 8. Bh4 Be7 9. 0-0 0-0 10. Re1 a6 11. a3 b5 12. Bd3 Nd7 13. Bxe7 Qxe7 14. Nxd5 Qd8 15. Ne3 Nf6 16. h3 Kh8 17. c3 Bb7 18. Bc2 Nd5 19. Nxd5 exd5 20. Qd3 f5 21. Ne5 Nxe5 22. Rxe5 Bc8 23. Qf3 Qf6 24. Qxd5 Rb8 25. Qf3 g6 26. Rae1 Bb7 27. Qe3 f4 28. Qd3 Rbd8 29. Qxg6 Qxg6 30. Bxg6 Rg8 31. Be4 Bc8 32. Kh2 Rg5 33. Bf3 Rxe5 34. Rxe5 Kg7 35. Re4 Rf8 36. b3 Rf7 37. c4 bxc4 38. bxc4 Rc7 39. d5 Rc5 40. Rxf4 a5 41. Re4 Kf6 42. d6 1-0